| 000 | 00662nam a22001937a 4500 | ||
|---|---|---|---|
| 003 | DO-CoUTE | ||
| 005 | 20260507132058.0 | ||
| 008 | 260507b dr ||||| |||| 00| 0 spa d | ||
| 040 |
_aDO-CoUTE _bspa _cDO-CoUTE |
||
| 082 | _aRD801.93R789M | ||
| 100 | 1 |
_aCandelier Rosario, Bruno _eAutor |
|
| 245 | 1 | 0 |
_aMetafísica de la sensibilidad Psicoanálisis de la intuición estética / _cBruno Rosario Candelier |
| 260 |
_aRepública Dominicana ; _bAteneo, _c2018 |
||
| 300 |
_a485 Paginas : _c23cm, |
||
| 504 | _aIncluye referencia bibliográfica e índice. | ||
| 650 | 4 | _apsicoanálisis | |
| 700 | 1 |
_aBruno Rosario Candelier _eAutor |
|
| 942 |
_2ddc _cBK |
||
| 999 |
_c24175 _d24175 |
||